000 00467nam a22001457a 4500
005 20250328130132.0
008 171109b xxu||||| |||| 00| 0 eng d
022 _a0116-3507
082 _2Jan - Feb 2005 v. 97, n.1-8
_aDPer 959.9005
_bP538
245 _aPhilippine free press.
260 _aMakati City :
_b[Philippine Free Press],
_cc2005.
300 _a1(various paging):
_billustrations;
_c33 cm.
650 0 _aPhilippines -- Periodicals.
_937026
942 _2ddc
_cPER
999 _c13242
_d13242